<?xml version="1.0" encoding="UTF-8"?>
<collection xmlns="http://www.loc.gov/MARC21/slim">
 <record>
  <leader>00661cam a2200205 7i4500</leader>
  <controlfield tag="001">0000014397</controlfield>
  <controlfield tag="005">20150325090000.0</controlfield>
  <controlfield tag="003">  iicp-my</controlfield>
  <controlfield tag="005">  20121012100000.0</controlfield>
  <controlfield tag="008">121012                       000 0 eng d</controlfield>
  <datafield tag="020" ind1=" " ind2=" ">
   <subfield code="a">9780824793013 </subfield>
  </datafield>
  <datafield tag="039" ind1=" " ind2="9">
   <subfield code="y">201210121000</subfield>
   <subfield code="z">staff</subfield>
  </datafield>
  <datafield tag="090" ind1="0" ind2="0">
   <subfield code="a">620 </subfield>
   <subfield code="b">WAN</subfield>
  </datafield>
  <datafield tag="100" ind1="1" ind2=" ">
   <subfield code="a">Wang, John X. </subfield>
  </datafield>
  <datafield tag="245" ind1="0" ind2="0">
   <subfield code="a">What every engineer should know about risk engineering and management /by John X. Wang &amp; Marvin L. Roush..</subfield>
  </datafield>
  <datafield tag="260" ind1=" " ind2=" ">
   <subfield code="a">New York : Dekker, c2000..</subfield>
  </datafield>
  <datafield tag="300" ind1=" " ind2=" ">
   <subfield code="a">vii, 251 p. : ill. ; 24 cm..</subfield>
  </datafield>
  <datafield tag="500" ind1=" " ind2=" ">
   <subfield code="a">Includes bibliographical references and index.</subfield>
  </datafield>
  <datafield tag="700" ind1=" " ind2=" ">
   <subfield code="a">Roush, Marvin L. </subfield>
  </datafield>
  <datafield tag="999" ind1=" " ind2=" ">
   <subfield code="a">1000023395</subfield>
   <subfield code="b">Book</subfield>
   <subfield code="c">Green Spot</subfield>
  </datafield>
 </record>
</collection>
